000 00490nam a2200169Ia 4500
003 GCL
008 140319s9999 xx 000 0 ara d
040 _aGCL /
_cGCL
082 0 4 _a813.03
_bع ا
100 1 _aعباس خضر
245 1 0 _aالصحصاح قصة مستوحاة من الادب الشعبى /
_cعباس خضر
300 _a146 ص
490 _aروايات الهلال
_v0
650 0 4 _aالادب العربى
650 0 4 _aالقصص العربية
942 _2ddc
_cBK
999 _c39477
_d39477